Súčasť programu PHARE Poradenstvo pre voľbu povolania a výber zamestnania

Poskytovanie odbornej pomoci pre Českú a Slovenskú republiku v programe PHARE "Reštrukturalizácia trhu práce". Špecifické ciele programu. Systém poradenských aktivít pre voľbu povolania a výber zamestnania v SR. Užívateľmi poradenských služieb sú nielen zamestnanci, ale aj zamestnávatelia.

Uložené v:
Podrobná bibliografia
Hlavný autor: Grajcár, Štefan
Médium: Kapitola
Jazyk:Slovak
Predmet:
Tagy: Pridať tag
Žiadne tagy, Buďte prvý, kto otaguje tento záznam!

MARC

LEADER 00000naa a2200000 4500
001 r016651
005 20221213114822.3
041 0 |a slo 
044 |a SK 
245 1 0 |a Súčasť programu PHARE  |b Poradenstvo pre voľbu povolania a výber zamestnania  |c Š. Grajcár 
520 |a Poskytovanie odbornej pomoci pre Českú a Slovenskú republiku v programe PHARE "Reštrukturalizácia trhu práce". Špecifické ciele programu. Systém poradenských aktivít pre voľbu povolania a výber zamestnania v SR. Užívateľmi poradenských služieb sú nielen zamestnanci, ale aj zamestnávatelia. 
610 2 0 |a poradenstvo 
610 2 0 |a výber zamestnania 
610 2 0 |a voľba povolania 
610 2 0 |a poradenstvo profesionálne 
610 2 0 |a PHARE 
610 2 0 |a Slovensko 
610 2 0 |a Česko 
610 2 0 |a trh práce 
610 2 0 |a reštrukturalizácia 
610 2 0 |a služby poradenské 
100 1 |a Grajcár, Štefan